书目信息 |
| 题名: |
广域网技术应用
|
|
| 作者: | 周凯 主编 | |
| 分册: | ||
| 出版信息: | 重庆 重庆大学出版社 2005.03 |
|
| 页数: | 260页 | |
| 开本: | 26cm | |
| 丛书名: | 计算机网络专业系列教材 | |
| 单 册: | ||
| 中图分类: | TP393.2 | |
| 科图分类: | ||
| 主题词: | 远程网络--yuan cheng wang luo--高等学校--技术学校--教材 | |
| 电子资源: | ||
| ISBN: | 7-5624-3002-0 | |
| 000 | 01042nam 2200265 450 | |
| 001 | 012007831811 | |
| 005 | 20070924152509.78 | |
| 010 | @a7-5624-3002-0@dCNY23.00 | |
| 100 | @a20070812d2005 km y0chiy0120 ea | |
| 101 | 0 | @achi |
| 102 | @aCN@b500000 | |
| 105 | @aa a 000yy | |
| 200 | 1 | @a广域网技术应用@Aguang yu wang ji shu ying yong@f周凯主编@Fzhou kai zhu bian |
| 210 | @a重庆@c重庆大学出版社@d2005.03 | |
| 215 | @a260页@c图@d26cm | |
| 225 | 2 | @a计算机网络专业系列教材@Aji suan ji wang luo zhuan ye xi lie jiao cai |
| 300 | @a高等职业教育计算机软件 | |
| 320 | @a有书目。 | |
| 330 | @a本书从实际应用的角度,讲解通俗易懂,全面系统地介绍了广域网技术及其实际应用。全书分为理论篇和应用篇两部分。其中理论篇主要介绍了广域网技术的相关基础理论,包括网络和通讯基础知识,广域网数据传输方法,广域网协议等内容。 | |
| 410 | 0 | @12001 @a计算机网络专业系列教材 |
| 606 | 0 | @a远程网络@Ayuan cheng wang luo@x高等学校@x技术学校@j教材 |
| 690 | @aTP393.2@v4 | |
| 701 | 0 | @a周凯@Azhou kai@4主编 |
| 801 | 0 | @aCN@c20070924 |
| 905 | @dTP393.2@eZ773 | |
| 广域网技术应用/周凯主编.-重庆:重庆大学出版社,2005.03 |
| 260页:图;26cm.-(计算机网络专业系列教材) |
| 高等职业教育计算机软件 |
| ISBN 7-5624-3002-0:CNY23.00 |
| 本书从实际应用的角度,讲解通俗易懂,全面系统地介绍了广域网技术及其实际应用。全书分为理论篇和应用篇两部分。其中理论篇主要介绍了广域网技术的相关基础理论,包括网络和通讯基础知识,广域网数据传输方法,广域网协议等内容。 |
| ● |
| 相关链接 |
|
|
|
正题名:广域网技术应用
索取号:TP393.2/Z773
 
预约/预借
| 序号 | 登录号 | 条形码 | 馆藏地/架位号 | 状态 | 备注 |
| 1 | 257285 | 202572858 | 自科库301/301自科库 133排1列4层/ [索取号:TP393.2/Z773] | 在馆 | |
| 2 | 257286 | 202572867 | 自科库301/301自科库 133排1列4层/ [索取号:TP393.2/Z773] | 在馆 |